Heat Exchanger Design Handbook (Record no. 595340)

000 -LEADER
fixed length control field 00396nam a22001457a 4500
020 ## - INTERNATIONAL STANDARD BOOK NUMBER
International Standard Book Number 9781138074668
040 ## - CATALOGING SOURCE
Transcribing agency NUST
082 ## - DEWEY DECIMAL CLASSIFICATION NUMBER
Classification number 621.4025 THU
100 ## - MAIN ENTRY--PERSONAL NAME
Personal name Thulukkanam, Kuppan
9 (RLIN) 113903
245 ## - TITLE STATEMENT
Title Heat Exchanger Design Handbook
250 ## - EDITION STATEMENT
Edition statement Second Edition
260 ## - PUBLICATION, DISTRIBUTION, ETC.
Place of publication, distribution, etc. Boca Raton:
Name of publisher, distributor, etc. CRC Press,
Date of publication, distribution, etc. 2013.
650 ## - SUBJECT ADDED ENTRY--TOPICAL TERM
Topical term or geographic name entry element Heat Exchangers Design and Construction
9 (RLIN) 113904
942 ## - ADDED ENTRY ELEMENTS (KOHA)
Source of classification or shelving scheme
Koha item type Text Books
Holdings
Withdrawn status Lost status Source of classification or shelving scheme Damaged status Not for loan Permanent Location Current Location Shelving location Date acquired Total Checkouts Full call number Barcode Date last seen Price effective from Koha item type
          College of Electrical & Mechanical Engineering (CEME) College of Electrical & Mechanical Engineering (CEME) Text Books 08/02/2023   621.4025 THU CEME-50923 08/02/2023 08/02/2023 Book
© 2023 Central Library, National University of Sciences and Technology. All Rights Reserved.